Fats /

Describes fats and their function in our diet. Includes a gram-calorie chart and experiments.

Bibliographic Details
Main Author: Silverstein, Alvin
Other Authors: Silverstein, Virginia B., Silverstein, Robert A., Green, Anne Canevari (Illustrator)
Format: Book
Language:English
Published: Brookfield, Conn. : Millbrook Press, [1992]
Series:Silverstein, Alvin. Food power!
Subjects:

MARC

Tag First Indicator Second Indicator Subfields
LEADER 00000cam a22000008a 4500
001 in00001082821
005 20150929165244.0
008 911028s1992 ctu j b 001 0 eng
010 |a  91042169  
020 |a 1562942085 (lib. bdg.) 
035 |a (OCoLC)25050643 
035 |9 AFR4882AM 
040 |a DLC  |c DLC  |d VPL  |d TXA  |d UtOrBLW 
049 |a TXAM 
050 0 0 |a QP752.F3  |b S55 1992 
082 0 0 |a 612.3/97  |2 20 
100 1 |a Silverstein, Alvin. 
245 1 0 |a Fats /  |c by Alvin Silverstein, Virginia Silverstein, and Robert Silverstein ; illustrations by Anne Canevari Green. 
263 |a 9210 
264 1 |a Brookfield, Conn. :  |b Millbrook Press,  |c [1992] 
264 4 |c ©1992 
300 |a 48 pages :  |b color illustrations ;  |c 24 cm. 
336 |a text  |b txt  |2 rdacontent 
337 |a unmediated  |b n  |2 rdamedia 
338 |a volume  |b nc  |2 rdacarrier 
490 1 |a Food power! 
504 |a Includes bibliographical references and index. 
520 |a Describes fats and their function in our diet. Includes a gram-calorie chart and experiments. 
650 0 |a Fat  |x Juvenile literature. 
650 0 |a Lipids in human nutrition  |x Juvenile literature. 
650 1 |a Fat. 
700 1 |a Silverstein, Virginia B. 
700 1 |a Silverstein, Robert A. 
700 1 |a Green, Anne Canevari,  |e illustrator. 
800 1 |a Silverstein, Alvin.  |t Food power! 
999 |a MARS 
999 f f |s 7bcd24d5-812a-38d9-8e75-ca7ea12c6454  |i 01e6782c-8a49-374b-b117-45df22034984  |t 0 
952 f f |p ric  |a Texas A&M University  |b Rellis Campus  |c Joint Library Facility  |d Remote Storage  |t 0  |e QP752.F3 S55 1992  |h Library of Congress classification  |i unmediated -- volume  |m A14816351759 
998 f f |a QP752.F3 S55 1992  |t 0  |l Remote Storage